| 000 | 00859nam a22002417a 4500 | ||
|---|---|---|---|
| 001 | 64222 | ||
| 003 | BD-RjUL | ||
| 005 | 20211209081301.0 | ||
| 008 | 170212r20112008ii ||||| |||| 001 0 ben d | ||
| 035 | _a(BD-RjUL)64352 | ||
| 040 |
_aBD-RjUL _cBD-RjUL _bben |
||
| 041 | _aben | ||
| 082 |
_223 _a294.5923046 _bSEM 2011 |
||
| 100 | 1 |
_aশীল, শঙ্কর _9175741 |
|
| 245 | 1 | 0 |
_aমহাভারতের নরনারী / _cশঙ্কর শীল. |
| 260 |
_aকলকাতা : _bপ্রতিভাস, _c২০০৮ [মুদ্রণ ২০১১]. |
||
| 300 |
_a২৮৮ পৃ. ; _c২১ সেমি. |
||
| 504 | _aনির্ঘন্ট সংযুক্ত | ||
| 650 |
_aমহাভারতে নারী _9190723 |
||
| 650 |
_aWomen in the Mahābhārata _9190724 |
||
| 650 |
_aMahābhārata _9186103 |
||
| 942 |
_2ddc _cBK |
||
| 999 |
_c64222 _d64222 |
||